Statistika školství ČSR 1987/88

Na minha lista:
Detalhes bibliográficos
Formato: Livro
Idioma:tcheco
Publicado em: Praha Ústav školských informací při MŠ ČSR 1988
Tags: Adicionar Tag
Sem tags, seja o primeiro a adicionar uma tag!

MARC

LEADER 00000nam a2200000 4500
001 c028101
005 20251111090719.2
041 0 |a cze 
044 |a CZ 
245 1 0 |a Statistika školství ČSR 1987/88 
264 1 |a Praha  |b Ústav školských informací při MŠ ČSR  |c 1988 
300 |a 403 s.